000 02406nam a2200265 i 4500
001 193550
003 ES-MaACL
005 20250708203049.0
008 240131s2023 sp ||||| |||| 00| 0 spa d
020 _a9798860557116
020 _a9798858662754
040 _aES-MaACL
_cES-MaACL
100 _aGilaranz, Miguel
_9234850
_eaut
245 _aLa Guardia civil :
_blos últimos de guinea /
_cMiguel Gilaranz Martínez.
264 1 _a[Polonia] :
_bAmazon,
_c@ 2023
300 _a[sin paginar] ;
_c24 cm
520 _a Con prólogo de don Jesús Narciso Núñez Calvo, Coronel de la Guardia Civil (R) y Doctor en Historia, la novela se inicia a primeros de septiembre de 1968, un mes antes de la Declaración de Independencia de Guinea Ecuatorial, prevista para el 12 de octubre de 1968. Las noticias que llegan al despacho de Carrero Blanco son confusas y en ocasiones contradictorias. Ante esta situación, el General de los Servicios Especiales de la Guardia Civil decide enviar a Lucena, un joven Teniente, para que informe de todo lo que realmente está ocurriendo en las dos provincias españolas de Fernando Poo y Río Muni, siendo testigo directo de los problemas que tuvo Manuel Fraga para firmar las actas de independencia, y de los obstáculos por parte del Ministerio de Asuntos Exteriores español, para que el proceso se desarrollase sin incidentes. ¿Qué papel jugaron personajes como Francisco Paesa, Miguel Herrero de Miñón, Marcelino Oreja o Fernando Morán, ¿entre otros? ¿Cómo consiguió la Guardia Civil repatriar a 6.800 españoles y evitar una catástrofe humanitaria como en los países vecinos de Gabón y Camerún? Estas y otras muchas preguntas quedan resueltas en esta trepidante novela, gracias a testimonios no conocidos hasta la fecha, y que supuso, sin lugar a dudas, la mayor evacuación de civiles españoles en un país extranjero en la Historia de España.
852 _aEs-MaACL
_bR.154832
_cDEPOJ
_jN-9642
_hDonación: Miguel Gilaranz
_9201144
_gDedicatoria autógrafa del autor
_xEncuadernación cartoné
903 _9234850
_aGilaranz, Miguel
_ednr
942 _n0
_cMONOGRAFIA
999 _c193550
_d193550